02526nam a2200493 i 45000010008000000030009000080050017000170070003000340080041000370150017000780200039000950400021001340410013001550430012001680720052001800720029002320800028002610800028002890800016003170800015003330800021003481000040003692400031004092450074004402500023005142640024005373000046005613360026006073360038006333370029006713380027007005000036007275200826007635210032015896000043016216500071016646500053017356500058017886500039018466550049018856550037019347000054019710440007020255207634CZ PrSKC20260421135752.0ta260219s2026 xr a e 6 000 1acze  acnb003736979 a978-80-275-2789-2q(brožováno) aABG001bczeerda1 aczehfre ae-be--- 7a741.52xKomiksy. Komiksové adaptace2Konspekt 7a929xBiografie2Konspekt a741.52(0:82-322.6)2MRF a741.52.071.1-055.22MRF a618.172MRF a(493)2MRF a(092)741.522MRF1 aGarin, Alix,d1997-7xx03417874aut10aImpénétrable.lČesky10aNeproniknutelná /cAlix Garin ; přeložila Sára Vybíralová aPrvní vydání 1aBrno :bHost,c2026 a300 stran :bbarevné ilustrace ;c27 cm atextbtxt2rdacontent astatický obrazbsti2rdacontent abez médiabn2rdamedia asvazekbnc2rdacarrier aPřeloženo z francouzštiny2 aIntimní a upřímná komiksová zpověď o vlastních sexuálních problémech.bAlix začne při sexu s dlouholetým přítelem pociťovat nevysvětlitelnou bolest. Když zjistí, že trpí vaginismem, začíná maraton vyšetření i terapeutických sezení. Alix ztrácí chuť k fyzickému kontaktu a popisuje, co to pro mladou ženu znamená, jak souvisí tělesné s duševním a naopak... Její přítel Lucas trpí výčitkami, ale zároveň v některých momentech překračuje hranice toho, co si k Alix může dovolit. A oba hledají cestu k udržení partnerského vztahu. Boj o znovuzískání kontroly nad svým tělem a vlastní touhou se mění v hledání cesty k uzdravení, emancipaci a lásce. Nakladatelská anotace. Kráceno.8 aPro čtenáře od 15 let17aGarin, Alix,d1997-7xx03417872czenas07akomiksové tvůrkyně7ph1081295zBelgiey21. století2czenas07asexuální dysfunkce u žen7ph1255052czenas 9awomen comics creatorszBelgiumy21st century2eczenas 9afemale sexual dysfunction2eczenas 7aautobiografické komiksy7fd10586162czenas 9aautobiographical comics2eczenas1 aVybíralová, Sára,d1986-7jo20115559444trl axr